000 00408nam a2200181Ia 4500
005 20250603144654.0
008 250603s9999 xx 000 0 und d
020 _a9781561076
050 _aPR 9387 .U33 .C65/
100 _aUka, Kalu
245 0 _aColonel ben brim
260 _aEnugu
260 _bFourth Dimension Publishers
260 _c1985
300 _a176 p
650 _aEnugu
942 _cBK
999 _c39610
_d39610